[Event "LAT-chT"]
[Site "Riga"]
[Date "2019.06.08"]
[Round "5.2"]
[White "Kane, Marta"]
[Black "Amerika, Katrina"]
[Result "0-1"]
[WhiteElo "1815"]
[BlackElo "2223"]
[PlyCount "72"]
[EventDate "2019.02.16"]
[EventType "team-tourn"]
[EventRounds "9"]
[EventCountry "LAT"]
[SourceTitle "CBM 190 Extra"]
[Source "ChessBase"]
[SourceDate "2019.07.15"]
[SourceVersion "1"]
[SourceVersionDate "2019.07.15"]
[SourceQuality "1"]
[WhiteTeam "RTU/Juniors"]
[BlackTeam "Riga Technical Univ"]
[WhiteTeamCountry "LAT"]
[BlackTeamCountry "LAT"]

1. d4 Nf6 2. Nf3 g6 3. Bg5 Bg7 4. e3 d6 5. c3 0-0 6. Bd3 Re8 7. 0-0 e5 8. dxe5 dxe5 9. Bc4 Qe7 10. e4 h6 11. Bxf6 Qxf6 12. Nbd2 Nd7 13. Qe2 Nf8 14. Rad1 g5 15. Bb3 Ng6 16. Nc4 Bg4 17. Qe3 Nf4 18. Rd2 b5 19. Na3 c6 20. Rfd1 Bf8 21. Nc2 a5 22. a4 Rab8 23. Nce1 Rb7 24. axb5 Rxb5 25. c4 Bc5 26. Qc3 Bb4 27. Qc2 Bxd2 28. cxb5 Bxe1 29. Rxe1 Nxg2 30. Qxc6 Qxc6 31. bxc6 Bxf3 32. Rc1 Nf4 33. Rc5 Bxe4 34. Ba4 Rc8 35. Rc4 Bd5 36. Rc5 Kf8 0-1

[Event "LAT-chT"]
[Site "Riga"]
[Date "2018.12.15"]
[Round "9.2"]
[White "Granovska, Elisa"]
[Black "Amerika, Katrina"]
[Result "0-1"]
[WhiteElo "1537"]
[BlackElo "2218"]
[PlyCount "56"]
[EventDate "2018.06.09"]
[EventType "team-tourn"]
[EventRounds "11"]
[EventCountry "LAT"]
[SourceTitle "CBM 189 Extra"]
[Source "ChessBase"]
[SourceDate "2019.06.03"]
[SourceVersion "1"]
[SourceVersionDate "2019.06.03"]
[SourceQuality "1"]
[WhiteTeam "Maxon&Co"]
[BlackTeam "Riga Technical Univ"]
[WhiteTeamCountry "LAT"]
[BlackTeamCountry "LAT"]

1. d4 Nf6 2. c4 g6 3. Nc3 Bg7 4. e4 d6 5. h3 Nbd7 6. Be3 c5 7. d5 a6 8. Qd2 Rb8 9. Bd3 0-0 10. Nge2 b5 11. f4 bxc4 12. Bxc4 Nb6 13. Bb3 a5 14. Rb1 a4 15. Bc2 Nc4 16. Qc1 a3 17. bxa3 Rxb1 18. Nxb1 Ba6 19. Kf2 Nxe3 20. Qxe3 e6 21. dxe6 fxe6 22. g3 Nh5 23. Kg2 Bxe2 24. Qxe2 Rxf4 25. Qc4 Nxg3 26. Qxe6+ Kh8 27. h4 Nxh1 28. Kxh1 Qxh4+ 0-1

[Event "LAT-chT"]
[Site "Riga"]
[Date "2017.11.18"]
[Round "3.2"]
[White "Stetsko, Lanita"]
[Black "Amerika, Katrina"]
[Result "1/2-1/2"]
[WhiteElo "2247"]
[BlackElo "2218"]
[PlyCount "114"]
[EventDate "2017.11.17"]
[EventType "team-swiss"]
[EventRounds "7"]
[EventCountry "LAT"]
[SourceTitle "CBM 181 Extra"]
[Source "ChessBase"]
[SourceDate "2017.12.12"]
[SourceVersion "1"]
[SourceVersionDate "2017.12.12"]
[SourceQuality "1"]
[WhiteTeam "Termo Eko/RSF"]
[BlackTeam "Riga Technical Univ"]
[WhiteTeamCountry "LAT"]
[BlackTeamCountry "LAT"]

1. e4 g6 2. d4 Bg7 3. Nc3 d6 4. f4 a6 5. Nf3 b5 6. Bd3 Nd7 7. a4 b4 8. Ne2 c5 9. c3 Rb8 10. 0-0 bxc3 11. bxc3 Ngf6 12. e5 Ng4 13. Ng3 cxd4 14. Ng5 Nc5 15. Bc4 d5 16. Qxd4 Ne6 17. Nxe6 fxe6 18. Be2 Nh6 19. Ba3 0-0 20. Qc5 Rf7 21. Rab1 Bd7 22. Qd4 a5 23. Bc5 Qc8 24. Ba6 Qe8 25. Ba7 Ra8 26. Bb7 Rxa7 27. Qxa7 Rf8 28. Qxa5 Bxa4 29. Rb4 Bc2 30. Qb6 Qf7 31. Ra1 Bd3 32. Ra8 Bc4 33. Rxf8+ Bxf8 34. Bc8 Qxf4 35. Qxe6+ Nf7 36. Rb1 Qe3+ 37. Kh1 Qxc3 38. Ba6 Bxa6 39. Qxa6 Qxe5 40. Rf1 Bh6 41. Qa4 Kg7 42. Qg4 Nd6 43. Qf3 Kg8 44. Rd1 e6 45. Qa3 Bf4 46. Rf1 Kg7 47. Qf3 g5 48. Nh5+ Kg6 49. Nxf4+ Qxf4 50. Qd3+ Qe4 51. Qa3 Nf5 52. Qf8 d4 53. Qg8+ Kh6 54. Qf8+ Kg6 55. Qe8+ Kg7 56. Qd7+ Kg6 57. Qe8+ Kh6 1/2-1/2